Piosenki Shakiry - Statystyki

Ogólne statystyki
  • Ten quiz został rozwiązany 9 razy
  • Średni wynik to 14 z 188
Statystyki odpowiedzi
Rok wydania Tytuł % Poprawnych
2010 Waka Waka (This Time for Africa)
100%
2009 She Wolf
78%
2014 Can't Remember to Forget You
67%
2006 Hips Don't Lie
67%
2014 Dare (La La La)
56%
2014 La La La
56%
2010 Loca
56%
2016 Chantaje
44%
2001 Underneath Your Clothes
44%
2001 Whenever, Wherever
44%
2016 La Bicicleta
33%
2005 La Tortura
33%
2017 Me Enamoré
33%
2001 Objection (Tango)
33%
2010 Rabiosa
33%
2010 Addicted to You
22%
2007 Beautiful Liar
22%
2020 Girl Like Me
22%
2009 Gypsy
22%
2001 Suerte
22%
2014 23
11%
2023 Acróstico
11%
2010 Antes de las Seis
11%
1995 Antología
11%
1998 Ciega, Sordomuda
11%
2018 Clandestino
11%
2023 Copa Vacía
11%
2017 Deja Vu
11%
2005 Dia de Enero
11%
1998 Dónde Están los Ladrones?
11%
1995 Dónde Estás Corazón?
11%
2005 Don't Bother
11%
2021 Don't Wait Up
11%
2022 Don't You Worry
11%
2023 El Jefe
11%
2001 El Último Adiós (The Last Goodbye)
11%
2014 Empire
11%
1995 Estoy Aquí
11%
2001 Eyes Like Yours (Ojos Así)
11%
2005 Illegal
11%
1998 Inevitable
11%
2024 La Fuerte
11%
2009 Loba
11%
1991 Magia
11%
2014 Medicine
11%
2020 Me Gusta
11%
2022 Monotonía
11%
2017 Nada
11%
1998 Octavo Día
11%
1998 Ojos Así
11%
2017 Perro Fiel
11%
1995 Pies Descalzos, Sueños Blancos
11%
2024 Puntería
11%
1995 Quiero
11%
2010 Sale el Sol
11%
1995 Se Quiere, Se Mata
11%
2023 Shakira: Bzrp Music Sessions, Vol. 53
11%
2024 Soltera
11%
2001 Te Aviso, Te Anuncio (Tango)
11%
2022 Te Felicito
11%
2023 TQG
11%
2016 Try Everything
11%
1998
11%
2019 Tutu
11%
2025 Zoo
11%
1993 1968
0%
2007 Aatini Al Nay
0%
2002 Always on My Mind
0%
2017 Amarillo
0%
1996 Amor (Celos de ti)
0%
2005 Animal City
0%
2009 Años Luz
0%
2003 Ask for More
0%
2010 Ay Haiti
0%
2004 Back in Black
0%
2025 Bésame
0%
2013 Blanca Mujer
0%
2014 Boig per Tu
0%
2014 Broken Record
0%
1993 Brujería
0%
1991 Cazador de Amor
0%
2014 Chasing Shadows
0%
2017 Coconut Tree
0%
2024 Cohete
0%
2017 Comme moi
0%
2024 Cómo Dónde y Cuándo
0%
1993 Controlas Mi Destino
0%
2005 Costumes Makes the Clown
0%
1991 Cuentas Conmigo
0%
2014 Cut Me Deep
0%
2012 Dançando
0%
2008 Despedida
0%
2010 Devoción
0%
2005 Día Especial
0%
2009 Did It Again
0%
2005 Dreams for Plans
0%
2024 (Entre Paréntesis)
0%
2005 En Tus Pupilas
0%
1993 Eres
0%
2005 Escondite Inglés
0%
1991 Esta Noche Voy Contigo
0%
1993 Este Amor Es Lo Más Bello del Mundo
0%
1996 Estou Aqui
0%
1993 Eterno Amor
0%
2001 Fool
0%
1991 Gafas Oscuras
0%
2009 Gitana
0%
2009 Give It Up to Me
0%
2009 Good Stuff
0%
2010 Gordita
0%
2010 Gracias a la Vida
0%
2007 Hay Amores
0%
2005 Hey You
0%
2005 How Do You Do
0%
2010 I'll Stand by You
0%
2010 Islands
0%
2011 Je L'Aime à Mourir
0%
2007 King and Queen
0%
2003 Knock on My Door
0%
2009 La Maza
0%
2005 La Pared
0%
2005 Las de la Intuición
0%
1991 Lejos de tu Amor
0%
2014 Loca por Ti
0%
2009 Lo Hecho Está Hecho
0%
2005 Lo Imprescindible
0%
2009 Long Time
0%
2010 Lo Que Más
0%
2010 Mariposas
0%
2009 Men in This Town
0%
2015 Mi Verdad
0%
2009 Mon Amour
0%
1998 Moscas en la Casa
0%
2024 Nassau
0%
1991 Necesito de Ti
0%
2005 No
0%
1998 No Creo
0%
2014 Nunca Me Acuerdo de Olvidarte
0%
2005 Obtener un Sí
0%
1993 Peligro
0%
1996 Pés Descalços
0%
2003 Pide Más
0%
2003 Pídeme el Sol
0%
1995 Pienso en Ti
0%
2001 Poem to a Horse
0%
2007 Pure Intuition
0%
2001 Que Me Quedes Tú
0%
1998 Que Vuelvas
0%
1993 Quince Años
0%
2001 Ready for the Good Times
0%
2001 Rules
0%
2006 Será, Será (Las Caderas no Mienten)
0%
2007 Sing
0%
1998 Si Te Vas
0%
2007 Si Tú No Vuelves
0%
1998 Sombra de Ti
0%
2005 Something
0%
2010 Somos El Mundo 25 Por Haiti
0%
2014 Spotlight
0%
2009 Spy
0%
1991 Sueños
0%
2001 Te Dejo Madrid
0%
1995 Te Espero Sentada
0%
2007 Te Lo Agradezco, Pero No
0%
1995 Te Necesito
0%
2014 That Way
0%
2005 The Day and the Time
0%
2001 The One
0%
2014 The One Thing
0%
2024 Tiempo Sin Verte
0%
2005 Timor
0%
2003 Todo Para Ti
0%
2011 Todos Juntos
0%
2017 Toneladas
0%
2017 Trap
0%
2010 Tu Boca
0%
1993 Tú Serás la Historia de Mi Vida
0%
2024 Última
0%
1993 Último Momento
0%
1996 Um Pouco De Amor
0%
1995 Un Poco de Amor
0%
1995 Vuelve
0%
2003 What More Can I Give
0%
2017 What We Said
0%
2017 When a Woman
0%
2009 Why Wait
0%
2014 You Don't Care About Me
0%
2005 Your Embrace
0%
Nie znaleziono quizów pasujących do podanych kryteriów
Rozkład punktacji
Procent ludzi z każdym wynikiem
Percentyl według liczby udzielonych odpowiedzi
Twoja historia wyników
Nie rozwiązałeś tego quizu